MARC

LEADER 00000nam0a2200000 4500
001 297151
005 20231102000959.0
035 |a (RuTPU)RU\TPU\book\322271 
090 |a 297151 
100 |a 20150605d1984 km y0rusy50 ca 
101 0 |a rus 
102 |a UA 
105 |a a z 001zy 
200 1 |a Проектирование и строительство кабельных линий  |f А. С. Овчаренко, М. С. Цейтлин 
210 |a Киев  |c Будiвельник  |d 1984 
215 |a 120 с.  |c ил. 
320 |a Библиогр.: с. 117-118 
606 1 |a Кабельные линии  |2 stltpush  |3 (RuTPU)RU\TPU\subj\13417  |9 40028 
610 1 |a проектирование 
610 1 |a строительство 
610 1 |a монтаж 
610 1 |a испытание 
610 1 |a электрические расчеты 
610 1 |a гидравлические расчеты 
610 1 |a пропускная способность 
610 1 |a защита от коррозии 
675 |a 621.315.23  |v 3 
700 1 |a Овчаренко  |b А. С.  |g Анатолий Семенович 
701 1 |a Цейтлин  |b М. С.  |g Моисей Савельевич 
801 1 |a RU  |b 63413507  |c 20150605 
801 2 |a RU  |b 63413507  |c 20180530  |g RCR 
942 |c BK